000 00401nam a2200157 a 4500
001 8143
005 20180713192045.0
008 140415s1992 mx 000 0 spa d
041 _aspa
082 _a657.1
_bALC
100 1 _aALCANTARA GONZALEZ, CESAR A.
245 1 3 _aLA CONTRALORIA Y SUS FUNCIONES
260 _aMEXICO :
_bECASA,
_c1992
300 _a132
650 1 4 _aCONTABILIDAD
999 _c8143
_d8143